LEADER 01857nam a2200265 i 4500 001 000000245883 003 CaOOAMICUS 005 20151020000000.0 008 151020s1683 it u000 u ita u 013 $a224788 026 $ai,n- ero, nisa Epme (3) 1683 (R) 040 $aSeMil$bita 245 10$aVita del venerabile servo di Dio, D. Alberto Maria Ambiveri da Bergamo cherico regolare Teatino. E missionario apostolico all'Indie orientali. Descritta da d. Gio. Bonifacio Bagatta dell'istesso ordine. 260 $aIn Venetia :$bPer Gio: Battista Tramontin à S. Rocco,$c1683. 300 $a[8], 287, [1] p., [1] carta di tav. :$britr. ;$c4º. 500 $aSegn. : *4 A-2N4. - Emblema xilogr. dei Chierici Regolari Teatini sul front. - La c. di tav. è il ritr. calcogr. di Alberto Maria Ambiveri, inciso da Isabella Piccini. - Iniz., fregi xilogr. 500 $aMarca editoriale: La Fede: una donna siede con il calice e l'ostia nella mano destra, ed una croce appoggiata alla spalla sinistra. In cornice tonda. Dimensioni: 61x59. (O1156) [A c. *3v]. 650 4$aReligiosi - Biografie.$0(OLS)http://semarc/subject/796 700 1 $aBagatta, Giovanni Bonifacio .$0(OLS)http://semarc/name/82611 700 1 $aPiccini, Isabella .$0(OLS)http://semarc/name/4307 700 1 $aTramontin, Giovanni Battista,$c.$0(OLS)http://semarc/name/3078 850 $aSeMil 852 $aSeMil$W1$xVenegono$y1$m3H VI 38 FA$j196229$B196229$CSeMilBibl$Z2$F207038 $8I 996 $6245$aVita del venerabile servo di Dio, D. Alberto Maria Ambiveri da Bergamo cherico regolare Teatino. E missionario apostolico all'Indie orientali. Descritta da d. Gio. Bonifacio Bagatta dell'istesso ordine$9(OLS)http://semarc/title/347565 996 $6260$aIn Venetia :$bPer Gio: Battista Tramontin à S. Rocco$9(OLS)http://semarc/publisher/54986 LEADER 01179nam a2200229 i 4500 001 000000190075 003 CaOOAMICUS 005 20100527000000.0 008 100527s1936 it u000 u ita u 013 $a168428 040 $aSeMil$bita 100 1 $aWilliamson, Benedetto.$0(OLS)http://semarc/name/69535 240 13$aIl sacerdozio. Lo stato religioso.$0(OLS)http://semarc/title/273796 245 13$aLa missione dottrinale e l'apostolato di S. Teresa del Bambino Gesù :$bversione autorizzata dall'inglese di una clarissa del monastero di Fiesole /$cP. Benedetto Williamson. 260 $aTorino ; Roma :$bMarietti,$c1936. 300 $aXXII, 439 p. ;$c20 cm. 500 $aContiene : Appendice. 600 04$aTeresa : del Bambino Gesù .$0(OLS)http://semarc/subject/1572 850 $aSeMil 852 $aSeMil$W1$xVenegono$y1$m3H III 42$j140706$B140706$CSeMilBibl$Z2$F152269 $81 996 $6245$aLa missione dottrinale e l'apostolato di S. Teresa del Bambino Gesù :$bversione autorizzata dall'inglese di una clarissa del monastero di Fiesole$9(OLS)http://semarc/title/273795 996 $6260$aTorino ; Roma :$bMarietti$9(OLS)http://semarc/publisher/32636